书目信息 |
| 题名: |
百万英镑
|
|
| 作者: | 马克·吐温 著 ;董衡巽 译 | |
| 分册: | ||
| 出版信息: | 北京 北京燕山出版社 1999.08 |
|
| 页数: | 307页 | |
| 开本: | 32开 | |
| 丛书名: | 世界文学文库 | |
| 单 册: | ||
| 中图分类: | I712.44 | |
| 科图分类: | ||
| 主题词: | 文学 | |
| 电子资源: | ||
| ISBN: | 7-5402-1073-7 | |
| 000 | 00668nam0 2200229 45 | |
| 001 | 0206281577 | |
| 005 | 20020628151343.2 | |
| 010 | @a7-5402-1073-7@d12.00元 | |
| 100 | @a20020628d1999 km y0chiy0120 ea | |
| 101 | 0 | @achi |
| 105 | @a z 000yy | |
| 200 | 1 | @a百万英镑@ABai Wan Ying Bang@f(美)马克·吐温著@F(Mei)Ma Ke·Tu Wen Zhu@g董衡巽等译 |
| 210 | @a北京@c北京燕山出版社@d1999.08 | |
| 215 | @a307页@d32开 | |
| 225 | @a世界文学文库 | |
| 410 | @12001 @a世界文学文库 | |
| 606 | 0 | @a文学 |
| 690 | @aI712.44@v3 | |
| 701 | 0 | @a马克·吐温@4著 |
| 702 | 0 | @a董衡巽@ADong Heng Xun@4译 |
| 801 | @aCN@bPftUser@c20020628 | |
| 905 | @aBZT@b341970-972@dI712.44@e10@f3 | |
| 百万英镑/(美)马克·吐温著/董衡巽等译.-北京:北京燕山出版社,1999.08 |
| 307页;32开.-(世界文学文库) |
| ISBN 7-5402-1073-7:12.00元 |
| ● |
| 相关链接 |
|
|
|
正题名:百万英镑
索取号:I712.44/10
 
预约/预借
| 序号 | 登录号 | 条形码 | 馆藏地/架位号 | 状态 | 备注 |
| 1 | 341970 | 201401866 | 中心书库中库/打包BH1658/ [索取号:I712.44/10] | 在馆 | |
| 2 | 341971 | 201401795 | 中心书库中库/打包BH1677/ [索取号:I712.44/10] | 在馆 | |
| 3 | 341972 | 201401820 | 中心书库中库/打包BH1677/ [索取号:I712.44/10] | 在馆 |